LEADER 01154nam a2200301 u 4500 001 000000049286 003 CaOOAMICUS 005 20070226115108.0 008 000623s1918 fr u000 u fre u 035 $a10850898 040 $aPUL$bita 041 1 $afre$hgrc 130 0 $aBiblia.$pN.T.$pAd Galatas.$lFrancese.$0(OLS)http://pul/title/4681 245 12$aL'épître de Paul aux Galates /$cSimon Légasse. 260 $aParis :$bCerf,$c2000. 300 $a496 p. ;$c22 cm 490 1 $aLectio divina.$aCommentaires ;$v9 500 $aContiene indici. 504 $aBibliografia in nota. 630 04$aBiblia.$pN.T.$pAd Galatas$xCommenti.$0(OLS)http://pul/subject/6279 700 1 $aLégasse, Simon.$0(OLS)http://pul/name/23265 830 0$aLectio divina.$pCommentaires ;$v9.$0(OLS)http://pul/title/39067 850 $aPUL 852 $aPUL$W1$xSL Religione 1$y3$m9 L 9$j65515$nBK-PRI$b $qStampati$B65515$CPULBib$Z2$F65515 $H $81 941 1 $a8 961 $aINV: 82207 996 $6245$aL'épître de Paul aux Galates$9(OLS)http://pul/title/66470 996 $6260$aParis :$bCerf$9(OLS)http://pul/publisher/48238 LEADER 01468nam a2200313 u 4500 001 000000058950 003 CaOOAMICUS 005 20070226120740.0 008 010618s1988 it u000 u ita u 035 $a10892880 040 $aPUL(R)$bita 100 1 $aBarsotti, Divo,$csac.,$d1914-$0(OLS)http://pul/name/2218 245 10$aAlla vigilia dell'evento cristiano :$bla donna nell'Antico Testamento: I Maccabei - Zorobabele /$cDivo Barsotti. 246 33$aMaccabei 246 33$aZorobabele 260 $aMilano :$bEdizioni O.R.,$c1988. 300 $a126 p. ;$c20 cm 490 1 $aMeditazioni bibliche ;$v11 630 04$aBiblia.$pV.T.$pMachabaeorum I-II$xCritica, interpretazione, ecc.$0(OLS)http://pul/subject/21596 630 04$aBiblia.$pV.T.$pAggaeus$xCritica e interpretazione.$0(OLS)http://pul/subject/23086 650 4$aDonna.$0(OLS)http://pul/subject/7073 830 0$aMeditazioni bibliche ;$v11.$0(OLS)http://pul/title/44033 850 $aPUL 852 $aPUL$W1$xDP1 Altre Collocazioni$y17$mSenza collocazione$j12$nBK-PRI$b $qStampati$B76934$CPULBib$Z2$F76934 $H $81 941 1 $a8 996 $6245$aAlla vigilia dell'evento cristiano :$bla donna nell'Antico Testamento: I Maccabei - Zorobabele$9(OLS)http://pul/title/78966 996 $6246$aMaccabei$9(OLS)http://pul/title/78967 996 $6246$aZorobabele$9(OLS)http://pul/title/78968 996 $6260$aMilano :$bEdizioni O.R.$9(OLS)http://pul/publisher/51414